000 00522 a2200205 4500
005 20260417121439.0
008 260416b |||||||| |||| 00| 0 eng d
020 _a9789355324559
_cRs. 650.00
040 _aMAIN
082 _a006.312
_bM278D(2)
100 _aMaheshwari, Anil
245 _aData analytics
250 _a2nd
260 _bMcGraw Hill Education
_c2025
_aChennai
300 _axxiii, 317
650 _aComputer Science
650 _aData Analysis
650 _aArtificial Intelligence
942 _cBK
999 _c396981
_d396981